[Event "IECG CP.2002.P.00019 email"]
[Site "IECG email"]
[Date "2002.10.01"]
[Round "?"]
[White "Aalto, Pekka"]
[Black "Seipel, Andreas"]
[Result "0-1"]
[WhiteElo "849"]
[BlackElo "2300"]
[PlyCount "26"]
[EventDate "2002.10.01"]
[EventType "tourn (corr)"]
[EventRounds "6"]
[EventCountry "GER"]
[SourceTitle "Corr 2008"]
[Source "ChessBase"]
[SourceDate "2008.06.24"]
[SourceVersion "1"]
[SourceVersionDate "2008.06.24"]
[SourceQuality "1"]

1. d4 f5 2. Bf4 Nf6 3. Nf3 g6 4. e3 Bg7 5. Bb5 0-0 6. c4 d6 7. Qb3 c6 8. c5+ Kh8 9. Bc4 dxc5 10. dxc5 Nbd7 11. Nc3 Nxc5 12. Qb4 Nfd7 13. 0-0 b5 0-1

[Event "IECC CL8-2002.06"]
[Site "IECC email"]
[Date "2002.05.18"]
[Round "?"]
[White "Lopriore, Nunzio"]
[Black "Aalto, Pekka"]
[Result "1-0"]
[WhiteElo "1075"]
[BlackElo "1005"]
[PlyCount "65"]
[EventDate "2002.??.??"]
[EventType "tourn (corr)"]
[EventRounds "4"]
[SourceTitle "Corr 2008"]
[Source "ChessBase"]
[SourceDate "2008.06.24"]
[SourceVersion "1"]
[SourceVersionDate "2008.06.24"]
[SourceQuality "1"]

1. d4 d5 2. Nc3 Nf6 3. Nf3 Nc6 4. Bf4 e6 5. e3 Bb4 6. Qd2 Ne4 7. Qd3 Bxc3+ 8. bxc3 b6 9. Ne5 Nxe5 10. Bxe5 0-0 11. f3 Nf6 12. e4 a5 13. Bxf6 gxf6 14. e5 fxe5 15. dxe5 Ba6 16. Qd4 Bxf1 17. Rxf1 Kh8 18. g4 Qe7 19. c4 Qh4+ 20. Qf2 Qxf2+ 21. Rxf2 d4 22. Kd2 c5 23. c3 Rfd8 24. Kd3 h6 25. h4 dxc3+ 26. Kxc3 b5 27. cxb5 Rab8 28. Kc4 Kg7 29. h5 Rd5 30. f4 Rd4+ 31. Kxc5 Rb4 32. a4 Kf8 33. g5 1-0

[Event "SEMI Sicilian Defence 4.Qxd4 (2) email"]
[Site "SEMI email"]
[Date "2001.12.20"]
[Round "?"]
[White "Che, Tai"]
[Black "Aalto, Pekka"]
[Result "1/2-1/2"]
[WhiteElo "1547"]
[BlackElo "1000"]
[PlyCount "55"]
[EventDate "2001.12.20"]
[EventType "tourn (corr)"]
[EventRounds "6"]
[EventCountry "ITA"]
[SourceTitle "Corr 2008"]
[Source "ChessBase"]
[SourceDate "2008.06.24"]
[SourceVersion "1"]
[SourceVersionDate "2008.06.24"]
[SourceQuality "1"]

1. e4 c5 2. Nf3 d6 3. d4 cxd4 4. Qxd4 Nf6 5. Bb5+ Bd7 6. Bxd7+ Nbxd7 7. 0-0 e5 8. Qa4 Be7 9. Re1 0-0 10. c3 a6 11. Bg5 h6 12. Bxf6 Bxf6 13. Nbd2 Rc8 14. Rad1 Rc6 15. Nf1 Nc5 16. Qc2 b5 17. Rd5 Qe7 18. Red1 Rd8 19. Ng3 g6 20. h3 Na4 21. Nh2 Rc5 22. Ng4 Kg7 23. Qc1 Rxd5 24. Qxh6+ Kg8 25. Nxf6+ Qxf6 26. Rxd5 Nxb2 27. Nh5 Qh8 28. Qc1 1/2-1/2

[Event "IECG TE.2001.P.00811 email"]
[Site "IECG email"]
[Date "2001.10.05"]
[Round "?"]
[White "Aalto, Pekka"]
[Black "Hanegby, Avigdor"]
[Result "0-1"]
[WhiteElo "1000"]
[BlackElo "1963"]
[PlyCount "48"]
[EventDate "2001.10.05"]
[EventType "tourn (corr)"]
[EventRounds "12"]
[SourceTitle "Corr 2008"]
[Source "ChessBase"]
[SourceDate "2008.06.24"]
[SourceVersion "1"]
[SourceVersionDate "2008.06.24"]
[SourceQuality "1"]

1. e4 d6 2. d4 Nf6 3. Nc3 g6 4. Nf3 Bg7 5. Be3 0-0 6. Qd2 a6 7. Bc4 b5 8. Bd5 Nxd5 9. Nxd5 e6 10. Nf4 Bb7 11. Qd3 c5 12. 0-0 cxd4 13. Bd2 Nd7 14. c4 Nc5 15. Qc2 Bxe4 16. Qd1 bxc4 17. h4 e5 18. Nh3 Rb8 19. Bg5 Qd7 20. Bd2 Rxb2 21. Nh2 c3 22. Bc1 Rb1 23. f3 c2 24. Qe2 Bd3 0-1

[Event "IECG RF.2001.0.00003"]
[Site "IECG email"]
[Date "2001.09.16"]
[Round "?"]
[White "Aalto, Pekka"]
[Black "Nittschalk, Karl"]
[Result "0-1"]
[WhiteElo "1000"]
[BlackElo "1121"]
[PlyCount "86"]
[EventDate "2001.09.16"]
[EventType "tourn (corr)"]
[EventRounds "6"]
[SourceTitle "Corr 2008"]
[Source "ChessBase"]
[SourceDate "2008.06.24"]
[SourceVersion "1"]
[SourceVersionDate "2008.06.24"]
[SourceQuality "1"]

1. e4 c5 2. Nf3 d6 3. d3 Nc6 4. Nc3 Nf6 5. Be2 Bg4 6. Nh4 Bxe2 7. Qxe2 e6 8. Be3 Be7 9. 0-0 Nxe4 10. dxe4 a6 11. Nf3 0-0 12. a3 b5 13. Rad1 Qc7 14. h3 f5 15. Rd2 f4 16. Bxf4 Rxf4 17. Rfd1 Raf8 18. e5 d5 19. Na2 Re4 20. Qd3 Nxe5 21. Nxe5 Qxe5 22. Nc3 Re1+ 23. Rxe1 Qxe1+ 24. Kh2 Qe5+ 25. g3 c4 26. Qe2 Qxe2 27. Rxe2 Kf7 28. Kg2 d4 29. Ne4 Rd8 30. Rd2 Kg6 31. f4 Kf5 32. Kf3 e5 33. g4+ Ke6 34. f5+ Kd5 35. c3 d3 36. Rh2 h5 37. g5 Rf8 38. f6 gxf6 39. g6 f5 40. Nd2 e4+ 41. Kf2 Bh4+ 42. Kf1 Re8 43. Rg2 e3 0-1

[Event "IECG RF.2001.0.00003"]
[Site "IECG email"]
[Date "2001.09.16"]
[Round "?"]
[White "Aalto, Pekka"]
[Black "Noack, Mario"]
[Result "0-1"]
[WhiteElo "1000"]
[BlackElo "800"]
[PlyCount "56"]
[EventDate "2001.09.16"]
[EventType "tourn (corr)"]
[EventRounds "6"]
[SourceTitle "Corr 2008"]
[Source "ChessBase"]
[SourceDate "2008.06.24"]
[SourceVersion "1"]
[SourceVersionDate "2008.06.24"]
[SourceQuality "1"]

1. e4 c5 2. Bc4 d6 3. Nf3 Nf6 4. d3 Nc6 5. Nc3 Bg4 6. h3 Bxf3 7. Qxf3 Nd4 8. Qd1 e6 9. Ne2 b5 10. Nxd4 bxc4 11. Nf3 Be7 12. 0-0 0-0 13. e5 dxe5 14. Nxe5 cxd3 15. cxd3 Qd5 16. Re1 Rfd8 17. Bf4 Bd6 18. Re3 Nd7 19. Qe2 Rac8 20. b3 Qd4 21. g3 Qxa1+ 22. Kg2 Bxe5 23. Bxe5 Nxe5 24. Rxe5 Qb1 25. Re3 Rd6 26. Rf3 Ra6 27. d4 Rxa2 28. Qc4 Ra1 0-1

[Event "IECG CF.2001.0.00009 email"]
[Site "IECG email"]
[Date "2001.08.31"]
[Round "?"]
[White "Aalto, Pekka"]
[Black "Bell, Arvin"]
[Result "0-1"]
[WhiteElo "1000"]
[BlackElo "1000"]
[PlyCount "60"]
[EventDate "2001.08.31"]
[EventType "tourn (corr)"]
[EventRounds "6"]
[SourceTitle "Corr 2008"]
[Source "ChessBase"]
[SourceDate "2008.06.24"]
[SourceVersion "1"]
[SourceVersionDate "2008.06.24"]
[SourceQuality "1"]

1. d4 Nf6 2. Bf4 e6 3. e3 d5 4. Nf3 c5 5. Bxb8 Rxb8 6. c3 Bd7 7. Nbd2 Bd6 8. h3 0-0 9. Be2 Qc7 10. a3 c4 11. 0-0 b5 12. Qc2 Bc6 13. Nh4 a5 14. b4 cxb3 15. Nxb3 Ne4 16. Nd2 Nxd2 17. Qxd2 Qe7 18. Nf3 Bxa3 19. Ne5 Be8 20. Rfb1 b4 21. cxb4 Bxb4 22. Qd1 f6 23. Nd3 Bg6 24. Rc1 Rfc8 25. Rxc8+ Rxc8 26. Nf4 Bc2 27. Qf1 Bc3 28. Kh2 Bxa1 29. Qxa1 Qd6 30. Qxa5 g5 0-1

[Event "IECC CL8-2001.19"]
[Site "IECC email"]
[Date "2001.08.07"]
[Round "?"]
[White "Aalto, Pekka"]
[Black "Turko, Sergey Ivanovich"]
[Result "0-1"]
[WhiteElo "996"]
[BlackElo "1285"]
[PlyCount "56"]
[EventDate "2001.??.??"]
[EventType "tourn (corr)"]
[EventRounds "4"]
[SourceTitle "Corr 2008"]
[Source "ChessBase"]
[SourceDate "2008.06.24"]
[SourceVersion "1"]
[SourceVersionDate "2008.06.24"]
[SourceQuality "1"]

1. d4 Nf6 2. Bf4 d5 3. Nf3 c5 4. Bxb8 Rxb8 5. c3 cxd4 6. cxd4 Qb6 7. Qc2 Bf5 8. Qb3 Qxb3 9. axb3 a6 10. Nc3 e6 11. e3 Bd6 12. Be2 0-0 13. 0-0 Rbc8 14. Rfc1 Rc7 15. Ra4 Rfc8 16. Nd2 Nd7 17. h3 Nb6 18. Raa1 Bb4 19. Nf3 Bxc3 20. bxc3 Rxc3 21. Rxc3 Rxc3 22. b4 f6 23. b5 axb5 24. Bxb5 Rb3 25. Be8 Kf8 26. Ba4 Nxa4 27. Rxa4 Rb2 28. Ne1 Rb1 0-1

[Event "IECC Swiss email"]
[Site "IECC email"]
[Date "2001.08.06"]
[Round "?"]
[White "Hakuc, Waclaw"]
[Black "Aalto, Pekka"]
[Result "1-0"]
[WhiteElo "1630"]
[BlackElo "1012"]
[PlyCount "45"]
[EventDate "2001.??.??"]
[EventType "tourn (corr)"]
[EventRounds "6"]
[SourceTitle "Corr 2008"]
[Source "ChessBase"]
[SourceDate "2008.06.24"]
[SourceVersion "1"]
[SourceVersionDate "2008.06.24"]
[SourceQuality "1"]

1. e4 e6 2. d4 d5 3. e5 c5 4. c3 f5 5. Nf3 h6 6. Be3 Bd7 7. dxc5 Be7 8. Na3 a6 9. Qb3 Bc6 10. Nd4 Qd7 11. Be2 h5 12. Qd1 g6 13. Nac2 Bxc5 14. Nxf5 exf5 15. Bxc5 Ne7 16. Nd4 a5 17. 0-0 Na6 18. Bxa6 Rxa6 19. Qd2 b6 20. Bxe7 Kxe7 21. Qg5+ Ke8 22. Qxg6+ Kd8 23. Qf6+ 1-0